000 00765nam a2200241Ia 4500
003 OSt
005 20220923223024.0
006 a|||||r|||| 00| 0
007 ta
008 220922b |||||||| |||| 00| 0 hin d
024 _a210,044
037 _cTextual
040 _aARTS
_cARTS
_bhin
041 _2hin
_ahin
082 _aO152,3N3031x1, M8
100 _aवर्मा, भगवतीचरण
245 0 _aप्रतिनिधि कहानियां
246 _aPratinidhi kahāniyāan
260 _aनई दिल्ली
_b राजकमल प्रका0
_c1988
300 _a162पृ.
_ccm.
942 _hO152,3N3031x1, M8
_cTEXL
_2CC
999 _c360593
_d360593